000 01602nam2a22003611 4500
001 v19\rc\1320522
005 20250618120319.0
035 _a(NLR Aleph) 004559253
090 _a2251225
_c2251225
100 _a20060512d1831 |||y0rusy50 ca
101 0 _arus
102 _aRU
105 _ay z |||||
200 0 _aЧ. 1
215 _a[2], XXXII, 245 с.
461 0 _1001v19\rc\1320521
_12001#$aО неблагоразумном и превратном домашнем воспитании детей$eВ примерах, по способу Сальцмана$eКн. для родителей и наставников. Ч. 1-2$vЧ. 1
_1700#1$aСтойкович$bА.И.$f-1832$gАфанасий Иванович$9z01790
_92251217
_aСтойкович, А.И. (-1832)
_cСанкт-Петербург
_d1831
_nтип. И. Байкова
_oВ примерах, по способу Сальцмана : Кн. для родителей и наставников. Ч. 1-2
_p2 т.
_tО неблагоразумном и превратном домашнем воспитании детей
_vЧ. 1
801 0 _aRU
_bNLR
_gpsbo
801 0 _aRU
_bRuMoRGB
_2psbo
801 1 _aRU
_bProSoft-M
_2rusmarc
852 _aNLR
_j89-3/10871
852 _aNLR
_j18.113.4.53
852 _aNLR
_bМф
_jК1/17876
899 _aRuMoRGB
_jM 193/27
899 _aRuMoRGB
_jМК
899 _aRuMoRGB
_jM 241/120
899 _aRuMoRGB
_jU 218/93
899 _aRuMoRGB
_j810-93/754-3
899 _aRuMoRGB
_j810-93/755-1
899 _aБАН
899 _aНБ СПбГУ
899 _aГПИБ
942 _cBOOK
980 _aNB